Mathematical programming : an introduction to optimization
Αποθηκεύτηκε σε:
| Κύριος συγγραφέας: | |
|---|---|
| Μορφή: | Βιβλίο |
| Γλώσσα: | English |
| Δημοσίευση: |
New York :
M. Dekker,
c1986
|
| Σειρά: | Monographs and textbooks in pure and applied mathematics
|
| Θέματα: | |
| Ετικέτες: |
Προσθήκη ετικέτας
Δεν υπάρχουν, Καταχωρήστε ετικέτα πρώτοι!
|
MARC
| LEADER | 00000cam a2200000 i 4500 | ||
|---|---|---|---|
| 001 | 1/52586 | ||
| 008 | 941103s1986 eng d | ||
| 020 | |a 0824774787 | ||
| 035 | |l 10044465 | ||
| 040 | |a GR-MY-UA |b gre |e aacr | ||
| 041 | 0 | |a eng | |
| 082 | 0 | |a 519.7 |2 (19) | |
| 100 | 1 | |a Jeter, Melvyn W. |d 1942- | |
| 245 | 1 | 0 | |a Mathematical programming : |b an introduction to optimization / |c Melvyn W. Jeter |
| 260 | |a New York : |b M. Dekker, |c c1986 | ||
| 300 | |a ix, 342 p.; |b ill.; |c 24 cm | ||
| 490 | 1 | |a Monographs and textbooks in pure and applied mathematics |v ; 102 | |
| 504 | |a Includes bibliographies and index | ||
| 650 | 0 | 0 | |a Programming (Mathematics) |
| 830 | 0 | |a Monographs and textbooks in pure and applied mathematics | |
| 852 | |a INST |b SAMOS |e 19941103 |h 519.7 JET |p 005300001137 |q 005300001137 |t BK |y 0 | ||
| 909 | |a Σ |b 008205 | ||